000 00268nam a22001217a 4500
008 170627b xxu||||| |||| 00| 0 eng d
041 _aeng
080 _25 ED
_a5
100 _a21
101 _aGJL
245 _aA WRITERS REFERECE
_cHACKER.D
942 _2udc
_cBK
999 _c19184
_d19184